ბათუმის შოთა რუსთაველის სახელმწიფო უნივერსიტეტის ბიბლიოთეკა

დიონ კასიოსის ცნობები საქართველოს შესახებ = Сведения Диона Кассия о Грузии = Cassii Dionis excerpta ad Georgiam pertinentia / (ბიბ.ჩანაწერი № 56228)

000 -ლიდერი
ფიქსირებული სიგრძის საკონტროლო ველი 01970nam a2200277Ia 4500
001 - საკონტროლო ნომერი
საკონტროლო ველი 23329
003 - საკონტროლო ნომრის იდენტიფიკატორი
საკონტროლო ველი GE_BSU
005 - ბოლო ოპერაციის თარიღი და დრო
საკონტროლო ველი 20251212194339.0
008 - ფიქსირებული სიგრძის მონაცემთა ელემენტები - ზოგადი ინფორმაცია
ფიქსირებული სიგრძის საკონტროლო ველი 181216s1966||||ge |||||||||||||| ||geo||
040 ## - კატალოგიზაციის წყარო
Transcribing agency GE_BSU
080 ## - უნივერსალური ათობითი კლასიფიკაციის ინდექსი
Universal Decimal Classification number 94(479.22)(093უცხ.) + 94(37) დ-74
245 ## - ცნობა სათაურის შესახებ
Title დიონ კასიოსის ცნობები საქართველოს შესახებ = Сведения Диона Кассия о Грузии = Cassii Dionis excerpta ad Georgiam pertinentia /
Statement of responsibility, etc ბერძნული ტექსტი ქართულ თარგმანითურთ გამოსცა და შესავალი კომენტარები დაურთო ნოდარ ლომოურმა ; მთ. რედ.: ი. აბულაძე, ვლ. ფუთურიძე ; რედ. ს ყაუხჩიშვილი.
264 ## - წარმოების, გამოცემის, დისტრიბუციის და სხვა ცნობები
გამოცემის, წარმოების, დისტრიბუციის... ადგილი თბილისი :
გამოცემის, წარმოების, დისტრიბუციის... სახელწოდება მეცნიერება,
გამოცემის, წარმოების, დისტრიბუციის... თარიღი 1966.
300 ## - ფიზიკური აღწერა
Extent 175 გვ. ;
Dimensions 22 სმ..
500 ## - ზოგადი შენიშვნა
General note საძიებ. გვ. 157-172
504 ## - BIBLIOGRAPHY, ETC. NOTE
Bibliography, etc ბიბლიოგრაფია გვ. 149156
653 ## - INDEX TERM--UNCONTROLLED
Uncontrolled term დიონ კასიოსის ცნობები საქართველოს შესახებ
653 ## - INDEX TERM--UNCONTROLLED
Uncontrolled term საქართველოს ისტორიის უცხოური წყაროები
653 ## - INDEX TERM--UNCONTROLLED
Uncontrolled term ძველი რომის ისტორია
700 ## - ADDED ENTRY--PERSONAL NAME
Personal name ლომოური, ნოდარ
Relator term მთარგმნელი
9 (RLIN) 5830
700 ## - ADDED ENTRY--PERSONAL NAME
Personal name აბულაძე, ი.
Relator term რედაქტორი
9 (RLIN) 26494
700 ## - ADDED ENTRY--PERSONAL NAME
Personal name ფუთურიძე, ვლ.
Relator term რედაქტორი
9 (RLIN) 26495
710 ## - ADDED ENTRY--CORPORATE NAME
Corporate name or jurisdiction name as entry element საქ. სსრ მეცნ. აკადემია
Subordinate unit საქ. შესახებ არსებ. უცხოური წყაროების კომისია
9 (RLIN) 26496
942 ## - ADDED ENTRY ELEMENTS (KOHA)
Koha item type წიგნი
Source of classification or shelving scheme
ეგზემპლარები
ჩამოწერის სტატუსი დაკარგული ეგზემპლარის სტატუსი კლასიფიკაციის წყარო ან თაროზე გაწყობის სქემა დაზიანების სტატუსი არ გაიცემა მუდმივი მდებარეობა (დაცვის ადგილი) ამჟამინდელი ადგილსამყოფელი თაროზე განთავსების ადგილი შეძენის თარიღი ღირებულება, შესყიდვის ნორმალური ფასი სრული შენახვის შიფრი შტრიხკოდი ბოლო ოპერაციის თარიღი ეგზემპლარის მიმდევრობითი ნომერი (კეტერი?) ფასის ძალაში შესვლის თარიღი ეგზემპლარის სახეობა საჯარო შენიშვნა
          ბათუმის შოთა რუსთაველის სახელმწიფო უნივერსიტეტის მთავარი ბიბლიოთეკა ბათუმის შოთა რუსთაველის სახელმწიფო უნივერსიტეტის მთავარი ბიბლიოთეკა წიგნსაცავი 2018-12-17 7.40 94(479.22)(093უცხ.) + 94(37) დ-74 28312 2018-12-17 28312 2018-12-17 წიგნი 7.40 ₾.